Clifford algebras and Dirac operators in harmonic analysis

Saved in:
Bibliografiske detaljer
Main Authors: Gilbert, John E (Author), Murray, Margaret Anne Marie (Author)
Format: Bog
Sprog:engelsk
Udgivet: Cambridge Cambridge University Press 1991
Serier:Cambridge Studies in Advanced Mathematics, 26
Fag:
Tags: Tilføj Tag
Ingen Tags, Vær først til at tagge denne postø!

MARC

LEADER 00000nam a2200000 a 4500
001 UCW1648
003 CL-VaPUC
008 920914e19910000UK |||||||||||||||||eng|d
082 0 4 |a 515.2433  |b GIL  |2 21 
100 0 |a Gilbert, John E  |e author  |9 305686 
700 |a Murray, Margaret Anne Marie  |e author  |9 305687 
245 1 0 |a Clifford algebras and Dirac operators in harmonic analysis 
300 |a 334 p 
942 |c BK 
945 |d 19920914 00:00:00 
260 |a Cambridge  |b Cambridge University Press  |c 1991 
650 0 |a Análisis armónico  |9 269929 
583 |a last modification  |c 20120530 10:29:11  |k Rodrigo Vera 
490 0 |a Cambridge Studies in Advanced Mathematics, 26 
999 |c 216505  |d 216503 
952 |0 0  |1 0  |4 0  |6 515_243300000000000_GIL_1991  |7 0  |8 A  |9 202251  |a BIBMAT  |b BIBMAT  |d 2019-11-14  |i 2693895  |o 515.2433 GIL 1991  |p 2693895  |r 2025-01-07  |w 2019-11-14  |y BK  |k MAT